000
00319 a2200109 4500
001
ART_11203
005
20260410161855.0
008
260409a
245
1
0
_a
La relación deficit fiscal-inflación
100
1
_a
Frediani, Ramón O.
773
0
_t
Revista de Economía
_g
- Nº 37 (jun. 1983)
_w
REV11077
999
_c
25383
_d
25383